000 00350nam a2200145Ia 4500
008 230917s9999||||xx |||||||||||||| ||und||
040 _e136471
_aMAIN
041 _aEnglish
082 _a821.7 T258J:T
100 _aJump, John D
245 0 _aTennyson: The critical heritage
260 _aLondon
_bRoutledge
_c1967
300 _a464 p.
942 _cBK
999 _c35978
_d35978